Experimental Dimension of Advaita Vedanta (Record no. 19955)

MARC details
000 -LEADER
fixed length control field 00368nam a22001457a 4500
020 ## - INTERNATIONAL STANDARD BOOK NUMBER
ISBN 81-208-1058-9
082 ## - DEWEY DECIMAL CLASSIFICATION NUMBER
Classification number 294.5921 SHA1
100 ## - MAIN ENTRY--AUTHOR NAME
Author name SHARMA, Arvind
245 ## - TITLE STATEMENT
Title Experimental Dimension of Advaita Vedanta
250 ## - EDITION STATEMENT
Edition statement 1993
260 ## - PUBLICATION, DISTRIBUTION, ETC. (IMPRINT)
Place of publication Delhi
Name of publisher Motilal Banarsidas
Year of publication 1993
300 ## - PHYSICAL DESCRIPTION
Number of Pages 112
Other physical details notes, biblio, glossary, index
650 ## - SUBJECT ADDED ENTRY--TOPICAL TERM
Topical Term Advaita
942 ## - ADDED ENTRY ELEMENTS (KOHA)
Koha item type Books

No items available.

                   Copyright © 2026 | Henry Martyn Institute | Hyderabad | TS-500052 | INDIA | Implemented by hmi.edu.in
Hit-Count:

Powered by Koha